[Event "SD-2022-0-00324"]
[Site "LSS email"]
[Date "2022.03.10"]
[Round "?"]
[White "Trani, Francesco"]
[Black "Scalzullo, Luca"]
[Result "0-1"]
[WhiteElo "1577"]
[BlackElo "1400"]
[PlyCount "32"]
[EventDate "2021.09.09"]
[EventType "tourn (corr)"]
[EventRounds "6"]
[EventCountry "GER"]
[SourceTitle "Corr 2024"]
[Source "ChessBase"]
[SourceDate "2023.10.19"]
[SourceVersion "1"]
[SourceVersionDate "2023.10.19"]
[SourceQuality "1"]

1. e4 e5 2. Nf3 Nc6 3. Bc4 Bc5 4. c3 Nf6 5. d3 d6 6. 0-0 0-0 7. Bg5 h6 8. Bh4 a5 9. Nbd2 Rb8 10. Re1 Be6 11. Bb3 Bxb3 12. Rc1 Bxd1 13. Rcxd1 b5 14. a3 g5 15. Bg3 Nh5 16. Nf1 f5 0-1

[Event "SD-2022-0-00324"]
[Site "LSS email"]
[Date "2022.03.08"]
[Round "?"]
[White "Zhu, Gnail"]
[Black "Trani, Francesco"]
[Result "1-0"]
[WhiteElo "1459"]
[BlackElo "1577"]
[PlyCount "93"]
[EventDate "2021.09.09"]
[EventType "tourn (corr)"]
[EventRounds "6"]
[EventCountry "GER"]
[SourceTitle "Corr 2024"]
[Source "ChessBase"]
[SourceDate "2023.10.19"]
[SourceVersion "1"]
[SourceVersionDate "2023.10.19"]
[SourceQuality "1"]

1. e4 e5 2. f4 d5 3. exd5 e4 4. d3 Nf6 5. dxe4 Nxe4 6. Be3 Qh4+ 7. g3 Nxg3 8. Nf3 Qh6 9. hxg3 Qxh1 10. Qe2 Bd6 11. Bc5+ Kf8 12. Bxd6+ cxd6 13. Nbd2 Bg4 14. 0-0-0 Nd7 15. Re1 Kg8 16. Bg2 Qh5 17. Qe7 Nf6 18. Qxb7 Rf8 19. Qxa7 Qxd5 20. b3 g6 21. Kb2 Bxf3 22. Nxf3 Kg7 23. Qd4 Re8 24. Qxd5 Nxd5 25. Rxe8 Rxe8 26. Nd4 Nb4 27. a4 Rc8 28. a5 Rc5 29. Ka3 Nxc2+ 30. Nxc2 Rxa5+ 31. Kb2 Kf8 32. b4 Ra7 33. b5 Ra5 34. Na3 Ke7 35. Kb3 Kd7 36. Kb4 Ra7 37. Bc6+ Kc7 38. Bd5 f6 39. Nc4 Ra1 40. b6+ Kd7 41. Kb5 Rd1 42. Bc6+ Kc8 43. Na5 Kb8 44. Ka6 Rb1 45. Bd5 Ra1 46. g4 Kc8 47. Be6+ 1-0

[Event "OP-2022-0-05266"]
[Site "LSS email"]
[Date "2022.03.05"]
[Round "?"]
[White "Trani, Francesco"]
[Black "Gronbech, Torsten"]
[Result "1-0"]
[WhiteElo "1538"]
[BlackElo "1042"]
[PlyCount "29"]
[EventDate "2022.03.05"]
[EventType "tourn (corr)"]
[EventRounds "4"]
[EventCountry "GER"]
[SourceTitle "Corr 2024"]
[Source "ChessBase"]
[SourceDate "2023.10.19"]
[SourceVersion "1"]
[SourceVersionDate "2023.10.19"]
[SourceQuality "1"]

1. e4 e6 2. d4 b6 3. c4 d5 4. cxd5 exd5 5. e5 Be6 6. Nc3 Bb4 7. Qa4+ Bd7 8. Qxb4 Ne7 9. Nf3 Nf5 10. Nxd5 Nc6 11. Qc3 0-0 12. Nf4 Re8 13. Bd3 f6 14. Bxf5 a5 15. Be4 1-0

[Event "OP-2022-0-05262"]
[Site "LSS email"]
[Date "2022.02.27"]
[Round "?"]
[White "Koehler, Hans Christian"]
[Black "Trani, Francesco"]
[Result "0-1"]
[WhiteElo "1403"]
[BlackElo "1548"]
[PlyCount "90"]
[EventDate "2022.02.24"]
[EventType "tourn (corr)"]
[EventRounds "4"]
[EventCountry "GER"]
[SourceTitle "Corr 2024"]
[Source "ChessBase"]
[SourceDate "2023.10.19"]
[SourceVersion "1"]
[SourceVersionDate "2023.10.19"]
[SourceQuality "1"]

1. e4 e5 2. Nf3 Nc6 3. Bb5 f5 4. Nc3 fxe4 5. Nxe4 Nf6 6. Qe2 Qe7 7. 0-0 d5 8. Nxf6+ gxf6 9. d4 e4 10. Nh4 Bd7 11. Qh5+ Qf7 12. Qxf7+ Kxf7 13. c3 Rd8 14. Be2 Ne7 15. Bf4 c6 16. Bh5+ Ng6 17. f3 Re8 18. Rae1 Rg8 19. fxe4 Rxe4 20. Rxe4 dxe4 21. Bc1 Kg7 22. Nf5+ Bxf5 23. Rxf5 Bd6 24. g3 Ne7 25. Rf1 f5 26. Bg5 Rf8 27. Bxe7 Bxe7 28. Be2 Kg6 29. Kg2 Bd6 30. Kh3 h5 31. Bc4 Kf6 32. Be2 h4 33. Kg2 Rg8 34. Bc4 Rg7 35. d5 f4 36. dxc6 hxg3 37. hxg3 f3+ 38. Kf2 Bc5+ 39. Ke1 bxc6 40. b4 Bd6 41. Kf2 Bxg3+ 42. Ke3 Ke5 43. a4 Bf4+ 44. Kf2 Rg2+ 45. Ke1 Rc2 0-1

[Event "SD-2022-0-00323"]
[Site "LSS email"]
[Date "2022.01.05"]
[Round "?"]
[White "Michailov, Valerij"]
[Black "Trani, Francesco"]
[Result "1-0"]
[WhiteElo "1474"]
[BlackElo "1549"]
[PlyCount "91"]
[EventDate "2021.05.21"]
[EventType "tourn (corr)"]
[EventRounds "6"]
[EventCountry "GER"]
[SourceTitle "Corr 2024"]
[Source "ChessBase"]
[SourceDate "2023.10.19"]
[SourceVersion "1"]
[SourceVersionDate "2023.10.19"]
[SourceQuality "1"]

1. e4 c5 2. c3 d5 3. e5 Nc6 4. d4 Bf5 5. Nf3 e6 6. Be2 cxd4 7. cxd4 Nge7 8. 0-0 Bg4 9. Nbd2 Qb6 10. h3 Bxf3 11. Nxf3 Nf5 12. Kh1 Nfxd4 13. Be3 Bc5 14. b4 Nxe2 15. Bxc5 Qb5 16. Qd2 Qc4 17. Rfe1 Nc3 18. Qg5 Rg8 19. Rac1 a5 20. a3 axb4 21. axb4 Ne4 22. Qh5 Qb3 23. Rxe4 dxe4 24. Ng5 0-0-0 25. Qxf7 Qb2 26. Be3 Rgf8 27. Qxg7 Rg8 28. Qf7 Rgf8 29. Qxh7 Qxe5 30. b5 Qxb5 31. Nxe6 Qe5 32. Nxf8 Rxf8 33. Bb6 Re8 34. Rd1 Qe7 35. Qf5+ Qe6 36. Qf4 Qe5 37. Qf7 Re7 38. Qg8+ Re8 39. Qa2 Kb8 40. Kg1 Qb5 41. Qf7 Rc8 42. Be3 Qb2 43. h4 Rd8 44. Rxd8+ Nxd8 45. Qf4+ Kc8 46. Qf5+ 1-0

[Event "OP-2021-0-05227"]
[Site "LSS email"]
[Date "2021.12.13"]
[Round "?"]
[White "Laffont, Eduardo Alfredo"]
[Black "Trani, Francesco"]
[Result "1-0"]
[WhiteElo "1886"]
[BlackElo "1546"]
[PlyCount "75"]
[EventDate "2021.12.11"]
[EventType "tourn (corr)"]
[EventRounds "4"]
[EventCountry "GER"]
[SourceTitle "Corr 2024"]
[Source "ChessBase"]
[SourceDate "2023.10.19"]
[SourceVersion "1"]
[SourceVersionDate "2023.10.19"]
[SourceQuality "1"]

1. e4 e5 2. Nf3 Nc6 3. Bc4 Nf6 4. d3 Bb4+ 5. c3 Be7 6. 0-0 0-0 7. Re1 d6 8. Bb3 Na5 9. Bc2 c5 10. d4 Qc7 11. d5 b5 12. b3 Nb7 13. h3 Bd7 14. Be3 c4 15. b4 a5 16. a4 bxa4 17. Na3 axb4 18. cxb4 Rfb8 19. Nd2 c3 20. Ndc4 Nd8 21. Rb1 Bb5 22. Nxb5 Qxc4 23. Na3 Qc7 24. Qe2 g6 25. Rec1 Qd7 26. Bd3 Nxe4 27. Bxe4 f5 28. Rxc3 fxe4 29. Qc2 Qf5 30. b5 Bg5 31. Rc7 Bxe3 32. fxe3 Qg5 33. Qf2 Rb7 34. b6 Qh6 35. Nc4 a3 36. Rf1 a2 37. Ra1 Rxc7 38. bxc7 1-0

[Event "OP-2021-0-05224"]
[Site "LSS email"]
[Date "2021.12.08"]
[Round "?"]
[White "Baltar, Antoni"]
[Black "Trani, Francesco"]
[Result "1-0"]
[WhiteElo "1912"]
[BlackElo "1546"]
[PlyCount "103"]
[EventDate "2021.12.04"]
[EventType "tourn (corr)"]
[EventRounds "4"]
[EventCountry "GER"]
[SourceTitle "Corr 2024"]
[Source "ChessBase"]
[SourceDate "2023.10.19"]
[SourceVersion "1"]
[SourceVersionDate "2023.10.19"]
[SourceQuality "1"]

1. e4 e5 2. f4 exf4 3. Nf3 g5 4. h4 g4 5. Ne5 Qe7 6. d4 d6 7. Nxg4 Qxe4+ 8. Qe2 Qe7 9. Qxe7+ Bxe7 10. Nf2 Nc6 11. c3 Nf6 12. Bxf4 Rg8 13. Bg5 Be6 14. Nd2 0-0-0 15. 0-0-0 Nh5 16. g4 Ng3 17. Rh2 Nxf1 18. Rxf1 f6 19. Bh6 Bxg4 20. Nxg4 Rxg4 21. Nc4 Rdg8 22. Rf5 Re4 23. Ne3 Rg6 24. Rh5 Bd8 25. Kd2 a6 26. Rf2 Re7 27. Bf4 Rg1 28. Nf5 Rd7 29. Re2 Rf1 30. Bg3 Ra1 31. Re8 Rxa2 32. Kc2 Ra1 33. Rh6 Rf7 34. d5 Ne5 35. Rh8 Ng4 36. Rh5 Rd7 37. Nd4 Rg1 38. Bf4 Rg2+ 39. Kb1 Ne5 40. Ne6 Ng6 41. Re8 Nxf4 42. Nxf4 Rgg7 43. Ne6 Rge7 44. Rh8 Rf7 45. c4 c6 46. Rf5 h6 47. h5 Rh7 48. Rf8 Rhf7 49. Rg8 cxd5 50. cxd5 b6 51. Rf1 b5 52. Rc1+ 1-0

[Event "OP-2021-0-05224"]
[Site "LSS email"]
[Date "2021.12.08"]
[Round "?"]
[White "Trani, Francesco"]
[Black "Roe, Philip"]
[Result "1/2-1/2"]
[WhiteElo "1546"]
[BlackElo "1503"]
[PlyCount "59"]
[EventDate "2021.12.04"]
[EventType "tourn (corr)"]
[EventRounds "4"]
[EventCountry "GER"]
[SourceTitle "Corr 2024"]
[Source "ChessBase"]
[SourceDate "2023.10.19"]
[SourceVersion "1"]
[SourceVersionDate "2023.10.19"]
[SourceQuality "1"]

1. e4 e6 2. d4 d5 3. Nd2 c5 4. exd5 Qxd5 5. Ngf3 cxd4 6. Bc4 Qd6 7. 0-0 Nf6 8. Nb3 Nc6 9. Nbxd4 Nxd4 10. Nxd4 Be7 11. b3 0-0 12. Bb2 Qf4 13. Qe2 Bc5 14. Rad1 b6 15. c3 Rd8 16. g3 Qe4 17. Qxe4 Nxe4 18. b4 Bxd4 19. Rxd4 Rxd4 20. cxd4 Bb7 21. Rc1 Nd2 22. Be2 Nf3+ 23. Bxf3 Bxf3 24. Rc7 a5 25. bxa5 bxa5 26. Kf1 Rb8 27. Ke1 a4 28. Bc3 Rb1+ 29. Kd2 h5 30. h4 1/2-1/2

[Event "SD-2021-0-00321"]
[Site "LSS email"]
[Date "2021.09.20"]
[Round "?"]
[White "Laduke, Matt"]
[Black "Trani, Francesco"]
[Result "1-0"]
[WhiteElo "1573"]
[BlackElo "1550"]
[PlyCount "107"]
[EventDate "2021.02.13"]
[EventType "tourn (corr)"]
[EventRounds "6"]
[EventCountry "GER"]
[SourceTitle "Corr 2024"]
[Source "ChessBase"]
[SourceDate "2023.10.19"]
[SourceVersion "1"]
[SourceVersionDate "2023.10.19"]
[SourceQuality "1"]

1. e4 e5 2. Nf3 Nc6 3. Bb5 Nf6 4. 0-0 Bc5 5. Nxe5 Nxe5 6. d4 c6 7. dxe5 Nxe4 8. Bd3 d5 9. exd6 Nf6 10. Re1+ Be6 11. Nc3 Qxd6 12. Bg5 Bd4 13. Bh4 0-0-0 14. Bg3 Qc5 15. Qf3 g5 16. Ne4 Nxe4 17. Rxe4 Rd7 18. c3 Bg7 19. h4 Rhd8 20. Bc2 h6 21. a4 Qb6 22. b4 Bd5 23. hxg5 hxg5 24. Rb1 Rf8 25. a5 Qd8 26. b5 Qf6 27. Qxf6 Bxf6 28. bxc6 Bxc6 29. Rc4 Kd8 30. a6 Re8 31. Bf5 Re6 32. Rc5 Ke8 33. Bb8 Ke7 34. Bxa7 bxa6 35. Bxe6 fxe6 36. Rxc6 Rxa7 37. Rbb6 Kf7 38. c4 Bd4 39. Rxa6 Re7 40. g3 Re8 41. Ra5 Kf6 42. Rd5 Bc3 43. Kg2 g4 44. Rd3 Be5 45. c5 Ra8 46. Rd2 Ra3 47. Rc8 Rc3 48. c6 Kf5 49. Rd7 Rc5 50. c7 Ke4 51. Re7 Rc6 52. Rg8 Rxc7 53. Rxc7 Bxc7 54. Rxg4+ 1-0

[Event "SD-2021-0-00321"]
[Site "LSS email"]
[Date "2021.09.20"]
[Round "?"]
[White "Trani, Francesco"]
[Black "Borchardt, Petra"]
[Result "0-1"]
[WhiteElo "1550"]
[BlackElo "1426"]
[PlyCount "86"]
[EventDate "2021.02.13"]
[EventType "tourn (corr)"]
[EventRounds "6"]
[EventCountry "GER"]
[SourceTitle "Corr 2024"]
[Source "ChessBase"]
[SourceDate "2023.10.19"]
[SourceVersion "1"]
[SourceVersionDate "2023.10.19"]
[SourceQuality "1"]

1. Nf3 d6 2. c4 e5 3. Nc3 f5 4. d3 Nf6 5. g3 a5 6. Bg2 Be7 7. h4 Na6 8. h5 0-0 9. h6 g6 10. d4 e4 11. Ng5 c6 12. Nh3 Nc7 13. 0-0 d5 14. cxd5 Ncxd5 15. Qc2 Nxc3 16. bxc3 Be6 17. f3 Qd7 18. Bf4 Bc4 19. fxe4 Nxe4 20. Nf2 Nd6 21. Nd3 Nf7 22. Rab1 b5 23. Qd2 Rae8 24. Rf2 g5 25. Ne5 Qe6 26. Nxf7 gxf4 27. Ne5 Bxa2 28. Ra1 fxg3 29. Rf3 Bd5 30. Rxa5 Bxf3 31. Bxf3 Kh8 32. Bxc6 f4 33. Bxe8 Qxh6 34. Ng4 Qh4 35. Qd3 Qxg4 36. Bc6 f3 37. exf3 Qh4 38. Ra2 g2 39. Rxg2 Qe1+ 40. Qf1 Qxc3 41. Re2 Rg8+ 42. Rg2 Qxc6 43. Qe1 Re8 0-1

[Event "SD-2021-0-00318"]
[Site "LSS email"]
[Date "2021.03.18"]
[Round "?"]
[White "Kudela, Pavel"]
[Black "Trani, Francesco"]
[Result "0-1"]
[WhiteElo "1379"]
[BlackElo "1577"]
[PlyCount "72"]
[EventDate "2020.12.23"]
[EventType "tourn (corr)"]
[EventRounds "6"]
[EventCountry "GER"]
[SourceTitle "Corr 2024"]
[Source "ChessBase"]
[SourceDate "2023.10.19"]
[SourceVersion "1"]
[SourceVersionDate "2023.10.19"]
[SourceQuality "1"]

1. c4 Nf6 2. Nc3 e5 3. g3 Nc6 4. Bg2 Bc5 5. e3 0-0 6. Nge2 d6 7. 0-0 Bg4 8. Qc2 Qd7 9. a3 a5 10. Re1 h5 11. h4 Bf5 12. Qd1 e4 13. Nf4 Ne5 14. Nxh5 Nxh5 15. Qxh5 Bg4 16. Qg5 f6 17. Qf4 Nd3 18. Qxe4 Nxe1 19. d4 Nxg2 20. Qxg2 Bb6 21. Qxb7 a4 22. Qg2 Qf5 23. Qd5+ Qxd5 24. Nxd5 Ba5 25. Kg2 Be2 26. c5 dxc5 27. dxc5 Bc4 28. Ne7+ Kf7 29. Nf5 Rfd8 30. e4 Be2 31. h5 Bxh5 32. f3 Rab8 33. g4 Bg6 34. Ne3 Rb5 35. Nd5 Rxc5 36. Be3 Rc2+ 0-1

[Event "OP-2021-0-05114"]
[Site "LSS email"]
[Date "2021.03.06"]
[Round "?"]
[White "Shim Ng Min, Francis"]
[Black "Trani, Francesco"]
[Result "0-1"]
[WhiteElo "1087"]
[BlackElo "1577"]
[PlyCount "30"]
[EventDate "2021.03.05"]
[EventType "tourn (corr)"]
[EventRounds "4"]
[EventCountry "GER"]
[SourceTitle "Corr 2024"]
[Source "ChessBase"]
[SourceDate "2023.10.19"]
[SourceVersion "1"]
[SourceVersionDate "2023.10.19"]
[SourceQuality "1"]

1. e4 e5 2. Nf3 Nc6 3. c4 f5 4. Nc3 fxe4 5. Nxe4 Nf6 6. Bd3 d5 7. Nxf6+ gxf6 8. cxd5 Qxd5 9. Qb3 Be6 10. Qxd5 Bxd5 11. Nh4 0-0-0 12. Bf5+ Kb8 13. 0-0 Nd4 14. Bb1 Rg8 15. d3 Nf5 0-1

[Event "OP-2021-0-05114"]
[Site "LSS email"]
[Date "2021.03.06"]
[Round "?"]
[White "Trani, Francesco"]
[Black "Guerin, Bernard"]
[Result "1-0"]
[WhiteElo "1577"]
[BlackElo "800"]
[PlyCount "31"]
[EventDate "2021.03.05"]
[EventType "tourn (corr)"]
[EventRounds "4"]
[EventCountry "GER"]
[SourceTitle "Corr 2024"]
[Source "ChessBase"]
[SourceDate "2023.10.19"]
[SourceVersion "1"]
[SourceVersionDate "2023.10.19"]
[SourceQuality "1"]

1. e4 b6 2. d4 Bb7 3. Bd3 g6 4. Nf3 f6 5. Nc3 c6 6. Bf4 Bh6 7. Qd2 g5 8. Be3 Ba6 9. h4 Bxd3 10. hxg5 fxg5 11. Qxd3 e6 12. Rxh6 Nxh6 13. Bxg5 Qc7 14. Bxh6 Rg8 15. e5 d5 16. exd6 1-0

[Event "SC-2020-0-00395"]
[Site "LSS email"]
[Date "2020.09.25"]
[Round "?"]
[White "Trani, Francesco"]
[Black "Laczay, Istvan"]
[Result "1/2-1/2"]
[WhiteElo "1599"]
[BlackElo "1659"]
[PlyCount "43"]
[EventDate "2020.07.19"]
[EventType "tourn (corr)"]
[EventRounds "6"]
[EventCountry "GER"]
[SourceTitle "Corr 2024"]
[Source "ChessBase"]
[SourceDate "2023.10.19"]
[SourceVersion "1"]
[SourceVersionDate "2023.10.19"]
[SourceQuality "1"]

1. e4 c5 2. c3 Nf6 3. e5 Nd5 4. Nf3 Nc6 5. d4 cxd4 6. cxd4 d6 7. Bc4 dxe5 8. dxe5 Be6 9. Na3 g6 10. 0-0 Bg7 11. Qe2 0-0 12. Rd1 Qa5 13. Nb5 Rfd8 14. Nbd4 Nxd4 15. Nxd4 Nc7 16. Nxe6 Rxd1+ 17. Qxd1 Nxe6 18. Bxe6 fxe6 19. Bf4 Rf8 20. Bg3 Rd8 21. Qg4 Qd5 22. Qe2 1/2-1/2

[Event "SC-2020-0-00393"]
[Site "LSS email"]
[Date "2020.08.20"]
[Round "?"]
[White "Mueller Toepler, Michael"]
[Black "Trani, Francesco"]
[Result "0-1"]
[WhiteElo "1611"]
[BlackElo "1603"]
[PlyCount "118"]
[EventDate "2020.05.09"]
[EventType "tourn (corr)"]
[EventRounds "6"]
[EventCountry "GER"]
[SourceTitle "Corr 2024"]
[Source "ChessBase"]
[SourceDate "2023.10.19"]
[SourceVersion "1"]
[SourceVersionDate "2023.10.19"]
[SourceQuality "1"]

1. d4 d5 2. Bf4 Bf5 3. e3 e6 4. a3 Bd6 5. Bxd6 cxd6 6. Nd2 Nd7 7. c4 dxc4 8. Nxc4 Nb6 9. Rc1 Nf6 10. Na5 Qd7 11. f3 0-0 12. e4 Bg6 13. Ne2 Rac8 14. Nc3 Qe7 15. Qd2 e5 16. d5 Nh5 17. Bd3 Qh4+ 18. Qf2 Qg5 19. Qd2 Nf4 20. Rc2 f5 21. 0-0 Rxc3 22. bxc3 fxe4 23. fxe4 Bxe4 24. Rxf4 Qxf4 25. Qxf4 Rxf4 26. Bxe4 Rxe4 27. c4 Rd4 28. Kf2 g6 29. g3 Kf8 30. Ke2 Ke7 31. c5 dxc5 32. Rxc5 Nxd5 33. Nxb7 e4 34. Na5 Kd6 35. Rc8 Kd7 36. Rc5 Nb6 37. Rc3 Kd6 38. Nb3 Nd5 39. Nxd4 Nxc3+ 40. Kd2 Nb1+ 41. Ke3 Nxa3 42. Kxe4 a5 43. Kd3 Kd5 44. Ne2 Kc5 45. Nd4 a4 46. Ne6+ Kb4 47. Kd2 h6 48. Kc1 Nb5 49. Kb2 a3+ 50. Ka1 Kb3 51. Nc5+ Kc4 52. Nd7 Kd4 53. Nf8 g5 54. Ka2 Ke5 55. Ng6+ Ke6 56. Ka1 Nc3 57. g4 Nd5 58. h4 Nf6 59. Ka2 Nd7 0-1

[Event "SC-2020-0-00393"]
[Site "LSS email"]
[Date "2020.08.20"]
[Round "?"]
[White "Trani, Francesco"]
[Black "Gulbis, Harijs"]
[Result "0-1"]
[WhiteElo "1603"]
[BlackElo "1611"]
[PlyCount "80"]
[EventDate "2020.05.09"]
[EventType "tourn (corr)"]
[EventRounds "6"]
[EventCountry "GER"]
[SourceTitle "Corr 2024"]
[Source "ChessBase"]
[SourceDate "2023.10.19"]
[SourceVersion "1"]
[SourceVersionDate "2023.10.19"]
[SourceQuality "1"]

1. e4 c5 2. c3 e6 3. d4 d5 4. exd5 exd5 5. Nf3 Nf6 6. Bd3 Be7 7. 0-0 0-0 8. dxc5 Bxc5 9. Bg5 h6 10. Bh4 g5 11. Bg3 Ne4 12. Nbd2 f5 13. Bxb8 Rxb8 14. Nd4 Qf6 15. N2b3 Bb6 16. a4 a5 17. Bb5 g4 18. f3 gxf3 19. Qxf3 Qg7 20. Bd3 Rf6 21. Kh1 Bd7 22. Bb5 Bxb5 23. axb5 Rbf8 24. Ra4 Kh8 25. Raa1 f4 26. Rfd1 Qg5 27. Nd2 Qg6 28. Qe2 Ng3+ 29. hxg3 Re8 30. Qf3 fxg3 31. Qxd5 Bxd4 32. Re1 Be3 33. Rxe3 Rxe3 34. Nf3 Re2 35. b3 Qf5 36. Qd8+ Rf8 37. Qh4 Qf4 38. Qxf4 Rxf4 39. Kg1 Rb2 40. Ne1 Re4 0-1

[Event "LSS No Engine Cup 200 Preliminary 0"]
[Site "LSS email"]
[Date "2020.02.23"]
[Round "?"]
[White "Lauer, Frederic"]
[Black "Trani, Francesco"]
[Result "0-1"]
[WhiteElo "1419"]
[BlackElo "1779"]
[PlyCount "50"]
[EventDate "2020.02.23"]
[EventType "tourn (corr)"]
[EventRounds "6"]
[EventCountry "GER"]
[SourceTitle "Corr 2022"]
[Source "ChessBase"]
[SourceDate "2021.10.24"]
[SourceVersion "1"]
[SourceVersionDate "2021.10.24"]
[SourceQuality "1"]

1. e4 e5 2. Nf3 Nc6 3. Bb5 a6 4. Bxc6 dxc6 5. 0-0 f6 6. d4 Bg4 7. dxe5 fxe5 8. Qxd8+ Rxd8 9. Nxe5 Be6 10. Nd3 Nf6 11. Nc3 Be7 12. Be3 0-0 13. f3 Nd7 14. Rad1 Bf6 15. Nf4 Bc4 16. Rfe1 Bh4 17. g3 Bf6 18. Bd4 Ne5 19. Bxe5 Bxe5 20. Rxd8 Rxd8 21. Nfe2 Rd2 22. f4 Bxc3 23. Nxc3 Rxc2 24. e5 Rxb2 25. Rd1 Rc2 0-1

[Event "LSS No Engine Cup 200 Preliminary 0"]
[Site "LSS email"]
[Date "2020.02.23"]
[Round "?"]
[White "Trani, Francesco"]
[Black "Helmbrecht, John R"]
[Result "1-0"]
[WhiteElo "1779"]
[BlackElo "1816"]
[PlyCount "53"]
[EventDate "2020.02.23"]
[EventType "tourn (corr)"]
[EventRounds "6"]
[EventCountry "GER"]
[SourceTitle "Corr 2022"]
[Source "ChessBase"]
[SourceDate "2021.10.24"]
[SourceVersion "1"]
[SourceVersionDate "2021.10.24"]
[SourceQuality "1"]

1. e4 e5 2. Nf3 Nc6 3. Bb5 a6 4. Bxc6 dxc6 5. 0-0 f6 6. d4 exd4 7. Nxd4 c5 8. Nb3 Qxd1 9. Rxd1 Bg4 10. f3 Bd7 11. Nc3 0-0-0 12. Be3 b6 13. a4 a5 14. Rd2 c4 15. Nd4 Bb4 16. Ndb5 Ne7 17. Na7+ Kb7 18. Rad1 Bd6 19. Nab5 Bxb5 20. Nxb5 Nc8 21. Bf4 Kc6 22. Bxd6 Nxd6 23. Nd4+ Kb7 24. Nf5 Rhg8 25. Nxd6+ Rxd6 26. Rxd6 cxd6 27. Rxd6 1-0

[Event "LSS No Engine Cup 200 Preliminary 0"]
[Site "LSS email"]
[Date "2020.02.23"]
[Round "?"]
[White "Trani, Francesco"]
[Black "Nemchenko, Valery"]
[Result "1-0"]
[WhiteElo "1779"]
[BlackElo "1600"]
[PlyCount "69"]
[EventDate "2020.02.23"]
[EventType "tourn (corr)"]
[EventRounds "6"]
[EventCountry "GER"]
[SourceTitle "Corr 2022"]
[Source "ChessBase"]
[SourceDate "2021.10.24"]
[SourceVersion "1"]
[SourceVersionDate "2021.10.24"]
[SourceQuality "1"]

1. e4 c5 2. Nf3 Nc6 3. d4 cxd4 4. Nxd4 Nf6 5. Nc3 a6 6. Nxc6 dxc6 7. Qxd8+ Kxd8 8. Bf4 e6 9. 0-0-0+ Bd7 10. Be2 Bc5 11. e5 Nd5 12. Bg5+ f6 13. exf6 gxf6 14. Nxd5 exd5 15. Bxf6+ Kc7 16. Be5+ Kb6 17. Bxh8 Rxh8 18. f3 h5 19. c3 Be3+ 20. Kc2 Rg8 21. g3 Rf8 22. f4 h4 23. Rhf1 Bh3 24. Rf3 Re8 25. Re1 hxg3 26. hxg3 Bg2 27. Rxe3 Rxe3 28. Kd2 Re8 29. g4 Kc5 30. Bd3 Rg8 31. g5 Kd6 32. Rg1 Bf3 33. g6 Rg7 34. f5 Ke5 35. f6 1-0

[Event "SC-2019-0-00379"]
[Site "LSS email"]
[Date "2019.09.25"]
[Round "?"]
[White "Henke, Simon"]
[Black "Trani, Francesco"]
[Result "1-0"]
[WhiteElo "1601"]
[BlackElo "1644"]
[PlyCount "89"]
[EventDate "2019.07.23"]
[EventType "tourn (corr)"]
[EventRounds "6"]
[EventCountry "GER"]
[SourceTitle "Corr 2022"]
[Source "ChessBase"]
[SourceDate "2021.10.24"]
[SourceVersion "1"]
[SourceVersionDate "2021.10.24"]
[SourceQuality "1"]

1. e4 e5 2. Nf3 Nc6 3. d4 exd4 4. Nxd4 Bc5 5. Nb3 Bb6 6. Nc3 Qf6 7. Qe2 Nge7 8. Be3 d6 9. 0-0-0 0-0 10. f3 h6 11. Kb1 Be6 12. h4 Bc4 13. Qf2 Bxe3 14. Qxe3 Bxf1 15. Rdxf1 a5 16. a4 Qe6 17. g4 Rad8 18. Rd1 b6 19. Nd4 Nxd4 20. Qxd4 Nc6 21. Qf2 Nb4 22. Nd5 Qd7 23. Nc3 Qc6 24. Rd2 Rfe8 25. g5 h5 26. f4 Qc5 27. Qf3 d5 28. e5 g6 29. Rf1 Qc4 30. b3 Qc6 31. Nb5 Qd7 32. Kb2 Re7 33. Rfd1 Rf8 34. c3 c6 35. cxb4 cxb5 36. Rxd5 Qb7 37. axb5 axb4 38. Qe4 Rd7 39. e6 Rxd5 40. Rxd5 Re8 41. exf7+ Qxf7 42. Qc4 Kg7 43. Rd6 Qxc4 44. bxc4 Rb8 45. Kb3 1-0

[Event "SC-2019-0-00379"]
[Site "LSS email"]
[Date "2019.09.25"]
[Round "?"]
[White "Trani, Francesco"]
[Black "Privitera, Santo"]
[Result "0-1"]
[WhiteElo "1644"]
[BlackElo "1782"]
[PlyCount "86"]
[EventDate "2019.07.23"]
[EventType "tourn (corr)"]
[EventRounds "6"]
[EventCountry "GER"]
[SourceTitle "Corr 2022"]
[Source "ChessBase"]
[SourceDate "2021.10.24"]
[SourceVersion "1"]
[SourceVersionDate "2021.10.24"]
[SourceQuality "1"]

1. e4 c5 2. Nf3 Nc6 3. d4 cxd4 4. Nxd4 Nf6 5. Nc3 e5 6. Ndb5 d6 7. Nd5 Nxd5 8. exd5 Nb8 9. Bd3 a6 10. Nc3 Be7 11. Qh5 Nd7 12. 0-0 Nf6 13. Qe2 0-0 14. a3 b5 15. f4 Bb7 16. fxe5 dxe5 17. Qxe5 Nxd5 18. Nxd5 Bxd5 19. Be3 Bd6 20. Qh5 g6 21. Qh6 Be5 22. Rad1 Qc7 23. c3 Rad8 24. Bc2 Rfe8 25. Rd3 Rd6 26. Rd2 Bc4 27. Rfd1 Rde6 28. Rd7 Qc6 29. Bf2 Bd6 30. Rxf7 Kxf7 31. Qxh7+ Kf8 32. Qh8+ Ke7 33. Qg7+ Kd8 34. Bxg6 R8e7 35. Qh8+ Kc7 36. Bf5 Re8 37. Qh4 Rf6 38. Rxd6 Qxd6 39. Bg3 Re5 40. Bxe5 Qxe5 41. g4 Qe3+ 42. Qf2 Qxf2+ 43. Kxf2 Be6 0-1

[Event "WC-2019-S-00008"]
[Site "LSS email"]
[Date "2019.08.28"]
[Round "?"]
[White "Trani, Francesco"]
[Black "Henke, Simon"]
[Result "1-0"]
[WhiteElo "1652"]
[BlackElo "1592"]
[PlyCount "25"]
[EventDate "2019.09.01"]
[EventType "tourn (corr)"]
[EventRounds "12"]
[EventCountry "GER"]
[SourceTitle "Corr 2024"]
[Source "ChessBase"]
[SourceDate "2023.10.19"]
[SourceVersion "1"]
[SourceVersionDate "2023.10.19"]
[SourceQuality "1"]

1. e4 c5 2. Nf3 Nc6 3. d4 cxd4 4. Nxd4 e6 5. Nxc6 bxc6 6. Bd3 Nf6 7. 0-0 e5 8. Nc3 Bb4 9. f4 Bd6 10. Bc4 Bc7 11. fxe5 Bxe5 12. Bxf7+ Kxf7 13. Qh5+ 1-0

[Event "SC-2019-0-00374"]
[Site "LSS email"]
[Date "2019.07.07"]
[Round "?"]
[White "Mueller, Bernd"]
[Black "Trani, Francesco"]
[Result "0-1"]
[WhiteElo "1715"]
[BlackElo "1648"]
[PlyCount "64"]
[EventDate "2019.03.30"]
[EventType "tourn (corr)"]
[EventRounds "6"]
[EventCountry "GER"]
[SourceTitle "Corr 2022"]
[Source "ChessBase"]
[SourceDate "2021.10.24"]
[SourceVersion "1"]
[SourceVersionDate "2021.10.24"]
[SourceQuality "1"]

1. e4 e5 2. Bc4 Nf6 3. d3 c6 4. Nf3 d5 5. Bb3 Bb4+ 6. Bd2 Bc5 7. exd5 cxd5 8. Nxe5 Nc6 9. Nxc6 bxc6 10. h3 Qc7 11. Qf3 Qe7+ 12. Qe2 Be6 13. 0-0 0-0 14. Qf3 a5 15. Nc3 Bd6 16. Na4 Bc7 17. Bf4 Bxf4 18. Qxf4 Nh5 19. Qf3 Qg5 20. Rae1 Nf4 21. Kh1 Qh6 22. Re5 Rfe8 23. Rfe1 Re7 24. Nc5 Ng6 25. R5e2 Nh4 26. Qe3 Qf6 27. c3 Rae8 28. g3 Bxh3 29. Ne4 dxe4 30. gxh4 Bg4 31. Qg5 Qxg5 32. hxg5 Bxe2 0-1